000 00683nam a2200241Ia 4500
003 OSt
005 20220918164340.0
006 a|||||r|||| 00| 0
007 ta
008 220917b |||||||| |||| 00| 0 eng d
020 _a0521621097 (hbk)
024 _a239,648
037 _cTextual
040 _aARTS
_cARTS
_beng
041 _2eng
_aeng
082 _aO111,3M82:g(P:795), N8
100 _aLawrence Karen R. Ed.
_918475
245 0 _aTranscultural joyce
260 _aCambridge
_bCambridge University Press
_c1998
650 _aENGLISH LITERATURE
942 _hO111,3M82:g(P:795), N8
_cTEXL
_2CC
999 _c124383
_d124383